Asa Butterfield Filmography - Statistics

General Stats
  • This quiz has been taken 27 times
    6 since last reset
  • The average score is 15 of 40
Answer Stats
Type Year Name % Correct
Web Series 2019-2023 Sex Education
100%
Film 2013 Ender's Game
50%
Film 2016 Miss Peregrine's Home for Peculiar Children
50%
Film 2010 Nanny McPhee and the Big Bang
50%
Film 2025 Our Hero, Balthazar
50%
Web Series TBA Out of the Dust
50%
Film TBA Rogue Trooper
50%
Film 2008 The Boy in the Striped Pyjamas
50%
Film 2017 The Space Between Us
50%
Web Series 2020 50 States of Fright
33%
TV Film 2006 After Thomas
33%
Film 2023 All Fun and Games
33%
TV Show 2008 Ashes to Ashes
33%
Film 2022 Choose or Die
33%
Film TBA College Republicans
33%
Film 2022 Flux Gourmet
33%
Film 2019 Greed
33%
Video Game 2024 Hades II
33%
Film 2011 Hugo
33%
Film TBA If She Burns
33%
Film 2017 Journey's End
33%
Film TBA Matinee Idol
33%
TV Show 2008-2009 Merlin
33%
Theater 2025 Second Best
33%
Film 2018 Slaughterhouse Rulez
33%
Film 2007 Son of Rambow
33%
Film 2025 Stitch Head
33%
Film 2015 Ten Thousand Saints
33%
Film 2017 The House of Tomorrow
33%
Film 2025 The Land of Sometimes
33%
Film 2018 Then Came You
33%
Podcast 2022 The Prophecy
33%
TV Show 2017 Thunderbirds Are Go
33%
Film 2018 Time Freak
33%
Film 2025 Watch the Skies
33%
Film 2014 X+Y
33%
Film 2022 Your Christmas or Mine?
33%
Film 2023 Your Christmas or Mine 2
33%
Short Film 2021 Rhythm of Life
17%
Film TBA The Carnival at the End of Days
17%
No matching quizzes found
Score Distribution
Percent of People with Each Score
Percentile by Number Answered
Your Score History
You have not taken this quiz since the last reset